000 00843nam a2200241Ia 4500
005 20250507130337.0
008 008 250505s9999 xx 000 0 eng d
020 _a9780415304696
037 _aAnnuals, Advances
040 _aEASL
_beng
_cEASL
041 _aeng
_2eng
084 _aWOgX.42, P3;1
_qEASL
100 _aAmyx Jennifer Ed.
245 0 _aJapanese Governance: Beyond Japan inc.
260 _aUK
_bLondon RoutledgeCurzon
_c2003
300 _axvi,208p.
365 _b13927.00 (each)
490 _aRoutledgeCurzon Series
_vV.8
650 _aJapan - Electoral pressures for change; Japan - Financial system reforms; Japanese women and administrative state; Japan - Agricultural policy; JEL
_9755234
700 _aDrysdale Peter Ed.
942 _cTEXL
_hWOgX.42, P3;1
999 _c1319131
_d1319131